<?xml version="1.0" encoding="UTF-8"?>
<record
    xmlns:xsi="http://www.w3.org/2001/XMLSchema-instance"
    xsi:schemaLocation="http://www.loc.gov/MARC21/slim http://www.loc.gov/standards/marcxml/schema/MARC21slim.xsd"
    xmlns="http://www.loc.gov/MARC21/slim">

  <leader>00426nam a2200145Ia 4500</leader>
  <controlfield tag="008">230917s9999||||xx |||||||||||||| ||und||</controlfield>
  <datafield tag="040" ind1=" " ind2=" ">
    <subfield code="e">228947</subfield>
    <subfield code="a">MAIN</subfield>
  </datafield>
  <datafield tag="041" ind1=" " ind2=" ">
    <subfield code="a">English</subfield>
  </datafield>
  <datafield tag="082" ind1=" " ind2=" ">
    <subfield code="a">660.602458 H138P</subfield>
  </datafield>
  <datafield tag="100" ind1=" " ind2=" ">
    <subfield code="a">Halford, Nigel G, ed.</subfield>
  </datafield>
  <datafield tag="245" ind1=" " ind2="0">
    <subfield code="a">Plant biotechnology : Current and future applications of genetically modified crops</subfield>
  </datafield>
  <datafield tag="260" ind1=" " ind2=" ">
    <subfield code="a">New Delhi</subfield>
    <subfield code="b">Wiley India</subfield>
    <subfield code="c">2015</subfield>
  </datafield>
  <datafield tag="300" ind1=" " ind2=" ">
    <subfield code="a">xii, 303 p.</subfield>
  </datafield>
  <datafield tag="942" ind1=" " ind2=" ">
    <subfield code="c">BK</subfield>
  </datafield>
  <datafield tag="952" ind1=" " ind2=" ">
    <subfield code="0">0</subfield>
    <subfield code="1">0</subfield>
    <subfield code="4">0</subfield>
    <subfield code="6">660_602458000000000_H138P</subfield>
    <subfield code="7">0</subfield>
    <subfield code="9">301678</subfield>
    <subfield code="a">MAIN</subfield>
    <subfield code="b">MAIN</subfield>
    <subfield code="c">UIET</subfield>
    <subfield code="d">2015-10-14</subfield>
    <subfield code="l">0</subfield>
    <subfield code="o">660.602458 H138P</subfield>
    <subfield code="p">339617</subfield>
    <subfield code="r">2023-09-17 21:51:12</subfield>
    <subfield code="w">2023-09-17</subfield>
    <subfield code="y">BK</subfield>
  </datafield>
  <datafield tag="952" ind1=" " ind2=" ">
    <subfield code="0">0</subfield>
    <subfield code="1">0</subfield>
    <subfield code="4">0</subfield>
    <subfield code="6">660_602458000000000_H138P</subfield>
    <subfield code="7">0</subfield>
    <subfield code="9">301679</subfield>
    <subfield code="a">MAIN</subfield>
    <subfield code="b">MAIN</subfield>
    <subfield code="c">UIET</subfield>
    <subfield code="d">2015-10-14</subfield>
    <subfield code="l">0</subfield>
    <subfield code="o">660.602458 H138P</subfield>
    <subfield code="p">339618</subfield>
    <subfield code="r">2023-09-17 21:51:12</subfield>
    <subfield code="w">2023-09-17</subfield>
    <subfield code="y">BK</subfield>
  </datafield>
  <datafield tag="952" ind1=" " ind2=" ">
    <subfield code="0">0</subfield>
    <subfield code="1">0</subfield>
    <subfield code="4">0</subfield>
    <subfield code="6">660_602458000000000_H138P</subfield>
    <subfield code="7">0</subfield>
    <subfield code="9">301680</subfield>
    <subfield code="a">MAIN</subfield>
    <subfield code="b">MAIN</subfield>
    <subfield code="c">UIET</subfield>
    <subfield code="d">2015-10-14</subfield>
    <subfield code="l">0</subfield>
    <subfield code="o">660.602458 H138P</subfield>
    <subfield code="p">339619</subfield>
    <subfield code="r">2023-09-17 21:51:12</subfield>
    <subfield code="w">2023-09-17</subfield>
    <subfield code="y">BK</subfield>
  </datafield>
  <datafield tag="952" ind1=" " ind2=" ">
    <subfield code="0">0</subfield>
    <subfield code="1">0</subfield>
    <subfield code="4">0</subfield>
    <subfield code="6">660_602458000000000_H138P</subfield>
    <subfield code="7">0</subfield>
    <subfield code="9">301681</subfield>
    <subfield code="a">MAIN</subfield>
    <subfield code="b">MAIN</subfield>
    <subfield code="c">UIET</subfield>
    <subfield code="d">2015-10-14</subfield>
    <subfield code="l">0</subfield>
    <subfield code="o">660.602458 H138P</subfield>
    <subfield code="p">339620</subfield>
    <subfield code="r">2023-09-17 21:51:12</subfield>
    <subfield code="w">2023-09-17</subfield>
    <subfield code="y">BK</subfield>
  </datafield>
  <datafield tag="952" ind1=" " ind2=" ">
    <subfield code="0">0</subfield>
    <subfield code="1">0</subfield>
    <subfield code="4">0</subfield>
    <subfield code="6">660_602458000000000_H138P</subfield>
    <subfield code="7">0</subfield>
    <subfield code="9">301682</subfield>
    <subfield code="a">MAIN</subfield>
    <subfield code="b">MAIN</subfield>
    <subfield code="c">UIET</subfield>
    <subfield code="d">2015-10-14</subfield>
    <subfield code="l">0</subfield>
    <subfield code="o">660.602458 H138P</subfield>
    <subfield code="p">339621</subfield>
    <subfield code="r">2023-09-17 21:51:12</subfield>
    <subfield code="w">2023-09-17</subfield>
    <subfield code="y">BK</subfield>
  </datafield>
  <datafield tag="952" ind1=" " ind2=" ">
    <subfield code="0">0</subfield>
    <subfield code="1">0</subfield>
    <subfield code="4">0</subfield>
    <subfield code="6">660_602458000000000_H138P</subfield>
    <subfield code="7">0</subfield>
    <subfield code="9">301683</subfield>
    <subfield code="a">MAIN</subfield>
    <subfield code="b">MAIN</subfield>
    <subfield code="c">UIET</subfield>
    <subfield code="d">2015-10-14</subfield>
    <subfield code="l">0</subfield>
    <subfield code="o">660.602458 H138P</subfield>
    <subfield code="p">339622</subfield>
    <subfield code="r">2023-09-17 21:51:12</subfield>
    <subfield code="w">2023-09-17</subfield>
    <subfield code="y">BK</subfield>
  </datafield>
  <datafield tag="952" ind1=" " ind2=" ">
    <subfield code="0">0</subfield>
    <subfield code="1">0</subfield>
    <subfield code="4">0</subfield>
    <subfield code="6">660_602458000000000_H138P</subfield>
    <subfield code="7">0</subfield>
    <subfield code="9">301684</subfield>
    <subfield code="a">MAIN</subfield>
    <subfield code="b">MAIN</subfield>
    <subfield code="c">UIET</subfield>
    <subfield code="d">2015-10-14</subfield>
    <subfield code="l">0</subfield>
    <subfield code="o">660.602458 H138P</subfield>
    <subfield code="p">339623</subfield>
    <subfield code="r">2023-09-17 21:51:12</subfield>
    <subfield code="w">2023-09-17</subfield>
    <subfield code="y">BK</subfield>
  </datafield>
  <datafield tag="952" ind1=" " ind2=" ">
    <subfield code="0">0</subfield>
    <subfield code="1">0</subfield>
    <subfield code="4">0</subfield>
    <subfield code="6">660_602458000000000_H138P</subfield>
    <subfield code="7">0</subfield>
    <subfield code="9">301685</subfield>
    <subfield code="a">MAIN</subfield>
    <subfield code="b">MAIN</subfield>
    <subfield code="c">UIET</subfield>
    <subfield code="d">2015-10-14</subfield>
    <subfield code="l">0</subfield>
    <subfield code="o">660.602458 H138P</subfield>
    <subfield code="p">339624</subfield>
    <subfield code="r">2023-09-17 21:51:12</subfield>
    <subfield code="w">2023-09-17</subfield>
    <subfield code="y">BK</subfield>
  </datafield>
  <datafield tag="952" ind1=" " ind2=" ">
    <subfield code="0">0</subfield>
    <subfield code="1">0</subfield>
    <subfield code="4">0</subfield>
    <subfield code="6">660_602458000000000_H138P</subfield>
    <subfield code="7">0</subfield>
    <subfield code="9">301686</subfield>
    <subfield code="a">MAIN</subfield>
    <subfield code="b">MAIN</subfield>
    <subfield code="c">UIET</subfield>
    <subfield code="d">2015-10-14</subfield>
    <subfield code="l">0</subfield>
    <subfield code="o">660.602458 H138P</subfield>
    <subfield code="p">339625</subfield>
    <subfield code="r">2023-09-17 21:51:12</subfield>
    <subfield code="w">2023-09-17</subfield>
    <subfield code="y">BK</subfield>
  </datafield>
  <datafield tag="952" ind1=" " ind2=" ">
    <subfield code="0">0</subfield>
    <subfield code="1">0</subfield>
    <subfield code="4">0</subfield>
    <subfield code="6">660_602458000000000_H138P</subfield>
    <subfield code="7">0</subfield>
    <subfield code="9">301687</subfield>
    <subfield code="a">MAIN</subfield>
    <subfield code="b">MAIN</subfield>
    <subfield code="c">UIET</subfield>
    <subfield code="d">2015-10-14</subfield>
    <subfield code="l">0</subfield>
    <subfield code="o">660.602458 H138P</subfield>
    <subfield code="p">339626</subfield>
    <subfield code="r">2023-09-17 21:51:12</subfield>
    <subfield code="w">2023-09-17</subfield>
    <subfield code="y">BK</subfield>
  </datafield>
  <datafield tag="999" ind1=" " ind2=" ">
    <subfield code="c">178038</subfield>
    <subfield code="d">178038</subfield>
  </datafield>
</record>
